|
|
|
|
| LEADER |
00000nam a22000007a 4500 |
| 005 |
20130709190411.0 |
| 007 |
cr|||| ||| |
| 008 |
130709s2013 mx |||||s|||| 00||0 spa d |
| 020 |
|
|
|a 978-607-7877-15-8
|
| 035 |
|
|
|a 11349
|
| 040 |
|
|
|a vLex
|
| 090 |
|
|
|c 4402
|d 4402
|
| 100 |
1 |
|
|a Ortega Garca̕, Ramn̤
|
| 245 |
1 |
0 |
|a Compromiso Mutuo y Derecho: Un enfoque Convencionalista
|h [Recurso electrn̤ico] /
|c Ramn̤ Ortega Garca̕
|
| 256 |
|
|
|a Servicio en ln̕ea
|
| 260 |
|
|
|a Mx̌ico D.F:
|b Jurd̕ica de las Americas,
|c 2013
|
| 300 |
|
|
|a 1 recurso electrn̤ico
|
| 506 |
1 |
|
|a Contenido solo disponible en los productos indicados
|d vLex Global
|d vLex Global (Academic Edition, excluding Law Schools)
|d vLex Global (U.S. Academic Edition, Law Schools)
|d vLex Global (U.S. Academic Edition, excluding Law Schools)
|d vLex Global (Academic Edition, Law Schools)
|
| 650 |
0 |
4 |
|a Derecho
|z Mx̌ico
|
| 650 |
0 |
4 |
|a Filosofa̕
|z Mx̌ico
|
| 740 |
0 |
|
|a vLex Libros (Servicio en ln̕ea)
|
| 856 |
4 |
0 |
|u http://vlex.com/source/compromiso-mutuo-derecho-enfoque-convencionalista-11349
|z Acceso restringido
|
| 942 |
|
|
|c BOOK
|
| 999 |
0 |
|
|a Law
|
| 999 |
0 |
|
|a Philosophy
|